000 00695nam a2200193 i 4500
001 57244
003 ES-MaACL
005 20230906163536.0
007 t|
008 031015s1982 sp ||||1| spa d
100 1 _aDixon, Dougal.
_944902
245 1 0 _aDespués del hombre
_b: una zoología del futuro /
_cDougal Dixon ; prólogo, Desmond Morris ; [traducción, Alberto Arche Miralles ; revisión científica, Juan Diego Pérez].
260 _aBarcelona :
_bBlume,
_c[1982]
300 _a124 p., 15 lám. :
_bil. ;
_c29 cm.
700 1 _aMorris, Desmond.
_983672
700 1 _aArche Miralles, Alberto.
_922478
700 1 _aPérez, Juan Diego.
_990591
852 _aES-MaACL
_jL-4232
_bR.105220
999 _c57244
_d57244